00781nam a2200217 u 450000100100000000500170001000800410002702000150006804000250008308200150010810000310012324500950015426000400024930000210028949000260031070000350033670000290037183000330040095201130043399900170054600003459520200930073804.0111010s2004 ag 000 0 spa d a9875504629 aDO-SdBNPbspacBNPHU axxxxbxxxx1 aHernández, José96003510aMartín Fierro /cJosé Hernández ; editora Diana Blumenfeld ; prólogo Marcos Mayer. aBuenos Aires, :bLongseller,c2004. a325 p. ;c18 cm.1 aClásicos de siempre1 aBlumenfeld, Diana,eed.9600231 aMayer, Mayer,eed960036 0aClásicos de siempre960025 001050718MOaGRbGRcHDd2011-10-10iLF1l0oxxxx xxxxp34595-10r2020-06-25w2020-06-25y1ZNo se presta c34086d34086